000 00688nam a22002177a 4500
003 OSt
005 20221027200038.0
008 221027b |||||||| |||| 00| 0 eng d
020 _a978-0-9845625-3-4
040 _cBiblioteca Lado V
082 _2703
_aJ81a
100 _9227
_aJoo, Eungie
_eeditor
245 _aArt Spaces Dictionary/
260 _aHong Kong
_bNew Museum/Art Asia Pacific
_c2012
300 _a447p.
_c25x29cm
650 _2Tesauro de Arte & Arquitectura
_aDICCIONARIO
650 _2Tesauro de Arte & Arquitectura
_aARTE
650 _2Tesauro de Arte & Arquitectura
_aMAPAMUNDI
700 _aSwan, Ethan
_eeditor
942 _2ddc
_c1
_h703
_iJ81a
_n0
999 _c2385
_d2385